Normal view
MARC view
- Lt Col Sarfraz ahmad
Entry Personal Name
001 - CONTROL NUMBER
- control field: 50825
003 - CONTROL NUMBER IDENTIFIER
- control field: NUST
005 - DATE AND TIME OF LATEST TRANSACTION
- control field: 20210314134806.0
008 - FIXED-LENGTH DATA ELEMENTS
- fixed length control field: 210314|| aca||aabn | a|a d
040 ## - CATALOGING SOURCE
- Original cataloging agency: NUST
- Transcribing agency: NUST
100 ## - HEADING--PERSONAL NAME
- Personal name: Lt Col Sarfraz ahmad
670 ## - SOURCE DATA FOUND
- Source citation: Work cat.: (NUST): Hassan Javaid 50824, Permeability assessment of concrete with admixture and bacterial mineralization , 2015.
